[Event "Moquegua Ilo GP"]
[Site "Moquegua Ilo"]
[Date "2017.11.02"]
[Round "3"]
[White "Suasnabar, Jesus"]
[Black "Condori Flores, Nayeli"]
[Result "1-0"]
[WhiteElo "1939"]
[BlackElo "1499"]
[PlyCount "59"]
[EventDate "2017.11.01"]
[EventType "swiss"]
[EventRounds "8"]
[EventCountry "PER"]
[SourceTitle "CBM 181 Extra"]
[Source "ChessBase"]
[SourceDate "2017.12.12"]
[SourceVersion "1"]
[SourceVersionDate "2017.12.12"]
[SourceQuality "1"]

1. d4 Nf6 2. Nf3 d5 3. c4 c6 4. e3 e6 5. Bd3 dxc4 6. Bxc4 b5 7. Bb3 a6 8. 0-0 Bd6 9. Qe2 0-0 10. e4 Bb4 11. Bg5 Be7 12. Rd1 Qc7 13. Nc3 a5 14. Rac1 a4 15. Bc2 Ba6 16. Qe1 h6 17. Bxf6 Bxf6 18. d5 cxd5 19. e5 Be7 20. Nxd5 Qa7 21. Nxe7+ Qxe7 22. Qe4 g6 23. Qxa8 Bb7 24. Qa7 Nc6 25. Qe3 Kh7 26. Be4 Na5 27. Bxb7 Qxb7 28. Qc5 Rg8 29. Qc7 Qxc7 30. Rxc7 1-0